Aquarium fish / (Record no. 18356)
[ view plain ]
| 000 -LEADER | |
|---|---|
| fixed length control field | 00615pam a2200217 a 4500 |
| 020 ## - INTERNATIONAL STANDARD BOOK NUMBER | |
| ISBN | 1564582930 |
| 020 ## - INTERNATIONAL STANDARD BOOK NUMBER | |
| ISBN | 1564582949 |
| 020 ## - INTERNATIONAL STANDARD BOOK NUMBER | |
| ISBN | 0751310212 |
| 020 ## - INTERNATIONAL STANDARD BOOK NUMBER | |
| ISBN | 0751310204 |
| 040 ## - CATALOGING SOURCE | |
| Transcribing agency | DLC |
| 082 ## - DEWEY DECIMAL CLASSIFICATION NUMBER | |
| Classification number | 639 DIS 1993 C142 Or. |
| 100 1# - MAIN ENTRY--AUTHOR NAME | |
| Personal name | Mills, Dick. |
| 245 10 - TITLE STATEMENT | |
| Title | Aquarium fish / |
| 250 ## - EDITION STATEMENT | |
| Edition statement | 1st American ed. |
| 260 ## - PUBLICATION, DISTRIBUTION, ETC. (IMPRINT) | |
| Place of publication | London ; |
| -- | New York : |
| Name of publisher | Dorling Kindersley ; |
| Place of publication | Boston : |
| Name of publisher | Distributed by Houghton Mifflin Co., |
| Year of publication | 1993. |
| 300 ## - PHYSICAL DESCRIPTION | |
| Number of Pages | 304 p. : |
| Other physical details | ill. (some col.), col. maps ; |
| Dimensions | 22 cm. |
| 500 ## - GENERAL NOTE | |
| General note | Includes index. |
| 650 #0 - SUBJECT ADDED ENTRY--TOPICAL TERM | |
| Topical Term | Aquarium fishes |
| 650 #0 - SUBJECT ADDED ENTRY--TOPICAL TERM | |
| Topical Term | Aquarium fishes |
| 942 ## - ADDED ENTRY ELEMENTS (KOHA) | |
| Koha item type | ADB |
| 952 ## - LOCATION AND ITEM INFORMATION (KOHA) | |
| Withdrawn status [LOCAL, KOHA] | 0 |
| Source of acquisition | Permanent Location | Date acquired | Koha item type | Lost status | Shelving location | Current Location | Full call number |
|---|---|---|---|---|---|---|---|
| A36329 | Library Block C | 2019-11-04 | ADB | C142 | Library Block C | 639 DIS 1993 C142 Or. |